000 00376nam a22001577a 4500
003 OSt
020 _a9788132100812
082 _a658.3
_bAGO/EV
100 _aDevendra Agochiya
245 _aEvery Trainer's Handbook
250 _a2nd
260 _aNew Delhi
_bSage Publications
_c2009
300 _a407
650 _aSteps in Preparing a Training Design
942 _2ddc
_cBK
999 _c188881
_d188881